Cd̤igo Arancelario comentado y anotado (Ley 9459)

Bibliographic Details
Main Author: Ferrer, Adǹ Luis
Format: eBook
Language:Spanish
Published: Cr̤doba: Alveroni Ediciones, 2012
Subjects:
Online Access:Acceso restringido

MARC

LEADER 00000nam a22000007a 4500
005 20140714234736.0
007 cr|||| ||||
008 140714s2012 ar |||||s|||| 00||0 spa d
020 |a 978-987-643-088-3 
035 |a 12274 
040 |a vLex 
090 |c 5054  |d 5054 
100 1 |a Ferrer, Adǹ Luis  
245 1 0 |a Cd̤igo Arancelario comentado y anotado (Ley 9459)  |h [Recurso electrn̤ico] /  |c Adǹ Luis Ferrer 
256 |a Servicio en ln̕ea 
260 |a Cr̤doba:  |b Alveroni Ediciones,  |c 2012 
300 |a 1 recurso electrn̤ico 
506 1 |a Disponible solo en los productos indicados  |d vLex Global  |d vLex Global (Academic Edition, excluding Law Schools)  |d vLex Global (U.S. Academic Edition, Law Schools)  |d vLex Global (U.S. Academic Edition, excluding Law Schools)  |d vLex Global (Academic Edition, Law Schools) 
650 0 4 |a Derecho Procesal  |z Argentina 
650 0 4 |a Procedimiento Penal  |z Argentina 
740 0 |a vLex Libros (Servicio en ln̕ea) 
856 4 0 |u http://vlex.com/source/codigo-arancelario-comentado-y-anotado-ley-9459--12274  |z Acceso restringido 
942 |c BOOK 
999 0 |a Litigation 
999 0 |a Criminal Procedure